LEADER 03100oam 2200613 c 450 001 996354438503316 005 20220221094418.0 010 $a3-8309-8403-0 024 3 $a9783830984030 035 $a(CKB)4330000000531605 035 $a(Waxmann)9783830984030 035 $a(EXLCZ)994330000000531605 100 $a20220221d2016 uy 0 101 0 $ager 135 $aurnnunnnannuu 181 $ctxt$2rdacontent 182 $cc$2rdamedia 183 $acr$2rdacarrier 200 10$aMuseum & Gender$eEin Leitfaden$b[electronic resource]$fSmilla Ebeling 205 $a1st, New ed. 210 $aMu?nster$cWaxmann$d2016 215 $a1 online resource (56 p.) 225 0 $aNeue Heimatmuseen$v2 311 $a3-8309-3403-3 330 $aMuseen stehen im Spannungsfeld der sie umgebenden Gesellschaft. Aktuelle Vera?nderungen und Umbru?che sowie daraus resultierende gesellschaftliche wie kulturpolitische Erwartungen stellen heute an alle Kulturschaffenden die Anforderung, ihre Arbeit inklusiv auszurichten. Dazu geho?rt die Beru?cksichtigung von Genderthemen. Gefragt ist das offene Museum. Dieser Leitfaden bietet konkrete Anregungen zur musealen Auseinandersetzung mit dem Thema Gender im Museum. Er mo?chte dazu ermutigen, die Kategorien Weiblichkeit und Ma?nnlichkeit neu zu beleuchten und den Blick fu?r Heterogenita?ten zu scha?rfen. Die Handreichung informiert u?ber das aktuelle Geschlechterwissen, bezieht es auf Museen, und verdeutlicht, wie die Kategorie Gender auf allen Ebenen der Institution Museum eine Rolle spielt. Bezogen auf Ausstellungen wirft der Leitfaden neue Fragen auf: Welches Geschlechterwissen stellt unser Museum aus? Welches Geschlechterwissen wollen wir ausstellen? Der Leitfaden macht keine Vorgaben, sondern gibt Hilfestellung bei der Analyse von Genderthemen in Museen. Ziel ist es, Museumsakteur_innen fu?r Geschlechterthematiken zu sensibilisieren und ein Bewusstsein dafu?r zu schaffen, dass Museen - gewollt oder ungewollt - immer auch Geschlechterwissen herstellen, um auf dieser Grundlage eine praktische Hilfestellung fu?r die Museumsarbeit zu bieten. 606 $aKulturwissenschaft 606 $aGenderforschung 606 $aGeschlechterwissen 606 $aHeterogenita?t 606 $aMuseen 606 $aHeimatmuseum 606 $aGeschlechtergerechtigkeit 606 $aGeschlechtertheorie 606 $aAusstellung 606 $aSachkulturforschung und Museum 606 $aFrauen- und Geschlechterforschung 615 4$aKulturwissenschaft 615 4$aGenderforschung 615 4$aGeschlechterwissen 615 4$aHeterogenita?t 615 4$aMuseen 615 4$aHeimatmuseum 615 4$aGeschlechtergerechtigkeit 615 4$aGeschlechtertheorie 615 4$aAusstellung 615 4$aSachkulturforschung und Museum 615 4$aFrauen- und Geschlechterforschung 700 $aEbeling$b Smilla$4aut$01204711 801 0$bWaxmann 801 1$bWaxmann 906 $aBOOK 912 $a996354438503316 996 $aMuseum & Gender$92780382 997 $aUNISA LEADER 01225nam a2200313 i 4500 001 991002027359707536 008 061219s2007 flua b 001 0 eng d 020 $a1584886595 024 3 $a9781584886594 035 $ab13464747-39ule_inst 040 $aDip.to Matematica$beng 082 00$a512.27$222 084 $aAMS 35K 084 $aLC QA274.7.L67 100 1 $aLorenzi, Luca$0502938 245 10$aAnalytical methods for Markov semigroups /$cLuca Lorenzi, Marcello Bertoldi 260 $aBoca Raton :$bChapman & Hall/CRC,$cc2007 300 $axxxi, 526 p. :$bill. ;$c24 cm 440 0$aMonographs and textbooks in pure and applied mathematics ;$v283 504 $aIncludes bibliographical references (p. 511-522) and index 650 0$aMarkov processes 650 0$aSemigroups 700 1 $aBertoldi, Marcello$eauthor$4http://id.loc.gov/vocabulary/relators/aut$0502939 907 $a.b13464747$b28-01-14$c19-12-06 912 $a991002027359707536 945 $aLE013 35K LOR11 (2007)$g1$i2013000204598$lle013$op$pE84.52$q-$rl$s- $t0$u14$v7$w14$x0$y.i14373385$z20-02-07 996 $aAnalytical methods for Markov semigroups$9712419 997 $aUNISALENTO 998 $ale013$b19-12-06$cm$da $e-$feng$gflu$h0$i0 LEADER 01948oam 2200481I 450 001 9910707261703321 005 20160610141856.0 035 $a(CKB)5470000002462890 035 $a(OCoLC)891382699 035 $a(EXLCZ)995470000002462890 100 $a20140926d1967 ua 0 101 0 $aeng 135 $aurmn||||||||| 181 $ctxt$2rdacontent 182 $cc$2rdamedia 183 $acr$2rdacarrier 200 10$aMineral resources of the Ventana primitive area, Monterey County, California $ean evaluation of the mineral potential of the area /$fby Robert C. Pearson and Philip T. Hayes, and Paul V. Filo 210 1$a[Washington, D.C.] :$cUnited States Department of the Interior, Geological Survey,$d1967. 210 2$aWashington :$cUnited States Government Printing Office. 215 $a1 online resource (vi, 42 pages, 2 pages of plates) $cillustrations, color maps 225 1 $aGeological Survey bulletin ;$v1261-B 225 1 $aStudies related to wilderness-primitive areas 300 $aTitle from title screen (viewed September 15, 2014). 320 $aIncludes bibliographical references (page 42). 517 $aMineral resources of the Ventana primitive area, Monterey County, California 606 $aGeology$zCalifornia$zMonterey County 606 $aMines and mineral resources$zCalifornia$zMonterey County 606 $aWilderness areas$zCalifornia$zMonterey County 615 0$aGeology 615 0$aMines and mineral resources 615 0$aWilderness areas 700 $aPearson$b Robert Carl$f1926-$01393158 702 $aFillo$b Paul V. 702 $aHayes$b Philip T$g(Philip Thayer),$f1923- 712 02$aGeological Survey (U.S.), 801 0$bCOP 801 1$bCOP 801 2$bOCLCO 801 2$bGPO 906 $aBOOK 912 $a9910707261703321 996 $aMineral resources of the Ventana primitive area, Monterey County, California$93467635 997 $aUNINA